Mario Kart Characters (All) - Statistics

General Stats
  • This quiz has been taken 191 times
    133 since last reset
  • The average score is 44 of 54
Answer Stats
S 64/SC DD DS Wii 7 8/D Answer % Correct
Luigi
99%
Mario
99%
Peach
98%
Daisy
97%
Donkey Kong
97%
Waluigi
97%
Wario
97%
Baby Luigi
95%
Baby Mario
95%
Bowser
95%
Yoshi
94%
Baby Peach
93%
Rosalina
93%
✔+* Diddy Kong
91%
Toad
90%
Baby Daisy
89%
✔* King Boo
89%
Koopa Troopa
88%
✔+* Birdo
87%
✔+ Link
86%
Baby Rosalina
85%
✔* Bowser Jr
85%
✔+* Funky Kong
84%
✔* Dry Bones
83%
Toadette
83%
Metal Mario
82%
Shy Guy
82%
✔+ Dry Bowser
80%
Ludwig
80%
Lemmy
78%
Wendy
78%
Mii
77%
✔+* Pauline
77%
✔+ Villager
77%
Iggy
74%
✔+ Isabelle
74%
Larry
74%
✔+* Wiggler
74%
Morton
73%
R.O.B.
73%
Roy
73%
✔+* Kamek
72%
Lakitu
72%
✔+* Petey Piranha
72%
Donkey Kong Jr
70%
✔* Inkling Girl
70%
✔* Inkling Boy
69%
Pink Gold Peach
69%
Honey Queen
66%
✔+ Tanooki Mario
65%
Paratroopa
64%
✔+* Peachette
62%
✔+ Cat Peach
60%
✔* Gold Mario
60%
No matching quizzes found
Score Distribution
Percent of People with Each Score
Percentile by Number Answered
Your Score History
You have not taken this quiz since the last reset